| 000 | 01157nam0a22002771 4500 | ||
|---|---|---|---|
| 001 | rc\2926987 | ||
| 005 | 20250806211447.0 | ||
| 035 | _a(NLR Aleph) 007076734 | ||
| 090 |
_a17622 _c17622 |
||
| 100 | _a20110817d1943 u y0rusy50 ca | ||
| 101 | 0 | _arus | |
| 102 | _aRU | ||
| 105 | _ay z ||||| | ||
| 200 | 1 |
_aБрюшной тиф и борьба с ним _fА.Ф. Билибин _gЦентр. метод. санпросвет. станция Наркомздрава Азерб. ССР |
|
| 210 |
_aБаку _cАзернешр _d1943 |
||
| 215 |
_a18, [2] с. _d14 см |
||
| 300 | _aНа последней с. пер. тит. л. на азерб. яз. | ||
| 300 | _aНастоящая брош. является перепечаткой с аналогичной брошюры изд. Наркомздрава СССР, Медгиз, 1940 | ||
| 700 | 1 |
_aБилибин _bА.Ф. _f1897-1986 _gАлександр Федорович |
|
| 801 | 0 |
_aRU _bNLR _gpsbo |
|
| 801 | 1 |
_aRU _bELAR _2rusmarc |
|
| 852 |
_aNLR _jМд30 Г-2/88 |
||
| 942 | _cBOOK | ||
| 945 | _aРоссийская национальная библиотека | ||
| 980 | _aNB | ||
| 980 | _aBV | ||